000 00427nam a2200169 a 4500
001 0000-8653
003 ELIB.Books
008 110520 1989
035 _a(ELIB.Books)0000-8799
082 _a266.001
_bGil
100 _aGilliland, Dean S.
245 _aThe World among Us
260 _bLondon: World Publishing
_c1989
650 _aMissions Theology
942 _2ddc
_cBK
998 _cbat
_e2011-05-20
999 _c8653
_d8653